Statistics for Speed typing #6

Click here to take the quiz!

General Stats

  • This quiz has been taken 47 times
  • The average score is 26 of 28

Answer Stats

HintAnswer% Correct
aa
100%
bb
100%
cc
100%
dd
100%
ee
100%
ff
100%
gg
100%
ii
100%
jj
96%
kk
96%
nn
96%
qq
96%
rr
96%
ss
96%
tt
96%
hh
93%
ll
93%
mm
93%
oo
93%
pp
93%
uu
93%
vv
93%
yy
93%
zz
93%
ww
89%
xx
89%
You have completed all of the ABCs!You have completed all of the ABCs!
67%
Now, you must give yourself a challenge and do my challenge typing series!Now, you must give yourself a challenge and do my challenge typing series!
26%

Score Distribution

Percentile by Number Answered

Percent of People with Each Score

Your Score History

You have not taken this quiz